Lectures in systematic theology / (Record no. 212)

MARC details
000 -LEADER
fixed length control field 01062pam a2200277 i 4500
001 - CONTROL NUMBER
control field 4172237
003 - CONTROL NUMBER IDENTIFIER
control field GBCCL
005 - DATE AND TIME OF LATEST TRANSACTION
control field 20250224135629.0
008 - FIXED-LENGTH DATA ELEMENTS--GENERAL INFORMATION
fixed length control field 790706s1979 miu b 001 0 eng
020 ## - INTERNATIONAL STANDARD BOOK NUMBER
International Standard Book Number 0802835295
040 ## - CATALOGING SOURCE
Original cataloging agency DLC
Transcribing agency DLC
Modifying agency DLC
082 00 - DEWEY DECIMAL CLASSIFICATION NUMBER
Classification number 230.046
Edition information 23
Item number THI
100 1# - MAIN ENTRY--PERSONAL NAME
Personal name Thiessen, Henry Clarence,
Dates associated with a name 1883-1947.
9 (RLIN) 13
245 10 - TITLE STATEMENT
Title Lectures in systematic theology /
Statement of responsibility, etc. by Henry Clarence Thiessen.
250 ## - EDITION STATEMENT
Edition statement Rev. /
Remainder of edition statement by Vernon D. Doerksen.
260 ## - PUBLICATION, DISTRIBUTION, ETC.
Place of publication, distribution, etc. Grand Rapids :
Name of publisher, distributor, etc. Eerdmans,
Date of publication, distribution, etc. c1979.
300 ## - PHYSICAL DESCRIPTION
Extent xii, 450 p. ;
Dimensions 24 cm.
500 ## - GENERAL NOTE
General note Published in 1949 under title: Introductory lectures in systematic theology.
500 ## - GENERAL NOTE
General note Includes indexes.
504 ## - BIBLIOGRAPHY, ETC. NOTE
Bibliography, etc. note Bibliography: p. 401-407.
650 #0 - SUBJECT ADDED ENTRY--TOPICAL TERM
Topical term or geographic name entry element Theology, Doctrinal.
9 (RLIN) 14
700 1# - ADDED ENTRY--PERSONAL NAME
Personal name Doerksen, Vernon D.
9 (RLIN) 15
700 1# - ADDED ENTRY--PERSONAL NAME
Personal name Thiessen, Henry Clarence,
Dates associated with a name 1883-1947.
Title of a work Introductory lectures in systematic theology.
9 (RLIN) 16
856 ## - ELECTRONIC LOCATION AND ACCESS
Uniform Resource Identifier <a href="http://library.gracebiblecollege.in/cgi-bin/koha/opac-retrieve-file.pl?id=cc41556d8f81add0b1eb3ffceaa99432">http://library.gracebiblecollege.in/cgi-bin/koha/opac-retrieve-file.pl?id=cc41556d8f81add0b1eb3ffceaa99432</a>
Link text Click to view pdf
942 ## - ADDED ENTRY ELEMENTS (KOHA)
Source of classification or shelving scheme Dewey Decimal Classification
Koha item type Books
Koha issues (borrowed), all copies 463
Suppress in OPAC No
Holdings
Withdrawn status Lost status Source of classification or shelving scheme Damaged status Not for loan Collection Home library Current Library Shelving location Date acquired Total checkouts Total renewals Full call number Barcode Date last seen Date last checked out Copy number Price effective from Koha item type
    Dewey Decimal Classification     Theology GRACE BIBLE COLLEGE GRACE BIBLE COLLEGE Theology 2016-09-15 46 5 230.046 THI 000933 2025-09-02 2025-08-28 c 1 2016-09-15 Books
    Dewey Decimal Classification     Theology GRACE BIBLE COLLEGE GRACE BIBLE COLLEGE Theology 2016-09-15 90 14 230.046 THI 001231 2025-09-02 2025-08-27 c 2 2016-09-15 Books
    Dewey Decimal Classification     Theology GRACE BIBLE COLLEGE GRACE BIBLE COLLEGE Theology 2018-02-05 75 6 230.046 THI 014539 2025-09-01 2025-08-26 c.3 2018-02-05 Books
    Dewey Decimal Classification     Theology GRACE BIBLE COLLEGE GRACE BIBLE COLLEGE Theology 2018-02-05 63 7 230.046 THI 014540 2025-07-25 2025-07-18 c.4 2018-02-05 Books
    Dewey Decimal Classification     Theology GRACE BIBLE COLLEGE GRACE BIBLE COLLEGE Theology 2018-02-05 86 13 230.046 THI 014541 2026-01-16 2026-01-14 c.5 2018-02-05 Books
    Dewey Decimal Classification     Theology GRACE BIBLE COLLEGE GRACE BIBLE COLLEGE Theology 2021-02-09 30 2 230.046 THI 013943 2026-01-22 2026-01-19 c.6 2021-02-09 Books
    Dewey Decimal Classification     Theology GRACE BIBLE COLLEGE GRACE BIBLE COLLEGE Theology 2021-02-09 28 1 230.046 THI 013944 2025-12-08 2025-12-01 c.7 2021-02-09 Books
    Dewey Decimal Classification     Theology GRACE BIBLE COLLEGE GRACE BIBLE COLLEGE Theology 2021-02-09 40 2 230.046 THI 013945 2026-01-20 2026-01-19 c.8 2021-02-09 Books
    Dewey Decimal Classification     Theology GRACE BIBLE COLLEGE GRACE BIBLE COLLEGE Theology 2021-08-17 31 2 230.046 THI 015177 2026-01-19 2026-01-12 c.9 2021-08-17 Books
    Dewey Decimal Classification     Theology GRACE BIBLE COLLEGE GRACE BIBLE COLLEGE Theology 2021-08-17 35 5 230.046 THI 015178 2026-01-22 2026-01-19 c.10 2021-08-17 Books
© Grace Bible College Library 2025